Ricostruisci la Carriera del Calciatore - Adam Lallana - Statistics

Statistiche generali
  • Questo quiz è stato fatto 11 volte
  • Il punteggio medio è 3 su 5
Statistiche sulle risposte
Hint Risposta % Corretto
2014-2020 Liverpool
88%
2007-2008 Bournemouth
75%
2020- Brighton
63%
2006-2007 Southampton
25%
2008-2014 Southampton
13%
Nessun quiz corrispondente trovato
Distribuzione punteggi
Percentuale di utenti per punteggio
Percentile per numero di risposta
I tuoi punteggi nel tempo
Non hai fatto questo quiz